Регионална библиотека "Любен Каравелов" - Русе

Лунният камък (Запис номер 84155)

MARC детайли
000 -Лидер
Контролно поле с фиксирана дължина 01301nam a2200349 c 4500
003 - Код на организацията, давaща контролен номер
Контролно поле BLK
005 - Дата и час на последна редакция
Контролно поле 20240516152659.0
008 - Елементи от данни с фиксирана дължина
fixed length control field 180408b bul|||||r ||||||| ||bul||
010 ## - Наследен системен номер
LC control number KNG00088721000
020 ## - Международен стандартен номер на книга ISBN
Международен стандартен номер на книга ISBN 978-954-340-105-5
-- издат.: Милениум
040 ## - Източник на каталожния запис
Идентификатор на билиотеката - собственик на записа BLK
041 ## - Код за език
Код за езика на текст/звукозапис или на отделно заглавие Български
Код за езика КДБФ Български
080 ## - УДК
Текстов определител УДК Английска литература
УДК код - определител по УДК 821.111
УДК определител -312.4
УДК - код + определител 821.111-312.4
100 1# - Редна дума - Автор
Автор Колинс, Уилки
Авторска отговорност първи автор
R(LIN) 241640
139 ## - Редно поле
Редна дума Колинс, Уилки
Авторски знак Колев - К 78
245 10 - Сведения за заглавието
Заглавие Лунният камък
Редно поле (дума) Уилки Колинс; прев. от англ. Никола Милев.
250 ## - Област на изданието
Сведения за изданието 4. изд.
257 ## - Страна на издаване
Страна на създаване/издаване Великобритания
260 ## - Област на издателските данни
-- София
Име на издателя, разпространителя и проч. Милениум
Година на издаване 2008
Печатница София : Мултипринт
300 ## - Физическа характеристика
Страници 655 с.
Размери/Мащаб 20 см
380 ## - Жанр
Жанр Худож. лит.
500 ## - Общи забележки
Забележка Ориг. загл. The Moonstone / Wilkie Collins - 1. изд. 1970 на изд. Нар. младеж ; В кн. означено 3. изд.
653 ## - Ключова дума – ненормативна
Ключова дума крими
653 ## - Ключова дума – ненормативна
Ключова дума романи
700 1# - Други автори (авторска отговорност)
Лично име Милев, Никола
Автороска отговорност (Описва отношението между автора и произведението) прев. от англ.
9 (RLIN) 364883
852 ## - Местоположение
Форматна сигнатура Цб 243520
856 4# - Електронен адрес и достъп
Електронен формат pdf - файл
Път до файла /url/
856 4# - Електронен адрес и достъп
Електронен формат pdf - файл
Път до файла /url/
942 ## - АРТИКУЛИ
Вид на библиотечния материал Книги
Скрит в OPAC Не
Koha issues (borrowed), all copies 7
944 ## - СЪЗДАВАНЕ И РЕДАКЦИЯ на ЗАПИСА
Създаване/Редакция Създаване
Дата на регистрацията/редакция 06.04.2009
Служител, извършил регистрацията/редакцията 30564
Статус, дата на статуса Галина Якимова
944 ## - СЪЗДАВАНЕ И РЕДАКЦИЯ на ЗАПИСА
Създаване/Редакция Редакция
Дата на регистрацията/редакция 11.09.2009
Служител, извършил регистрацията/редакцията
999 ## - СИСТЕМНИ КОНТРОЛНИ НОМЕРА
Koha biblionumber 84155
Koha biblioitemnumber 84155
Наличности
Код за отписване Код за изгубен артикул Код за повреда Коз за рестрикции Код за отдаване Артикулен № Име на библиотеката - собственик Име на библиотеката, в която се намира в момента Статус (Текущо местоположение) Дата на вписване в системата Местоположение - отдел Цена в лева Инвентарен номер Систематично азбучна сигнатура Баркод Номер на екземпляра Цена в евро Служебна бележка Служебен тип на артикула Източник на класификационната схема
  Не е изгубен Не е повреден без рестрикции ползва се в читалня 136650 Регионална библиотека "Любен Каравелов" Русе Регионална библиотека "Любен Каравелов" Русе Хранилище 2009-04-02 Хранилище 0.00 120000734756 Цб 243520 120000734756 1 0.00 Дост: Dp Вид: Д N: 44 Дата: 15.10.2008 Книги  
  Не е изгубен Не е повреден без рестрикции заемане за дома 136651 Регионална библиотека "Любен Каравелов" Русе Регионална библиотека "Любен Каравелов" Русе Заемна - подръчен фонд 2009-08-27 Заемна - подръчен фонд 10.00 120000737780 П 820-31/К 78 120000737780 2 5.11 Дост: DA Вид: А N: 10 Дата: 27.08.2009 Дата инв: 16.02.2018 Бележки инв: П2018 Книги Universal Decimal Classification
Vip Innovations Ltd, Rousse, Bulgaria 2025